000 01254nam2a2200241 4500
001 RU\NLR\BIBL_A\022152002
005 20250625141909.0
035 _a(NLR Aleph) 022152002
090 _a12895481
_c12895481
100 _a20240228d1924 |||y0rusy50 ca
101 0 _aukr
102 _aRU
105 _ay ag 000yy
200 1 _aБiблиоѓрафiя українознавства за 1914-1923 рр.
_hвип. 1
_iIсторiя України
_fзiбрав Iван Калинович
210 _d1924
_aБ. м.
215 _a59 с.
461 0 _1001RU\NLR\BIBL_A\022152005
_12001#$aМатерiяли до Української бiблиоѓрафiї$fвидає Бiблиоѓрафiчна комiсiя наукова товариства iмени Шевченка$vТ. 5
_912895490
_cУ Львовi
_d1924-
_fвидає Бiблиоѓрафiчна комiсiя наукова товариства iмени Шевченка
_nЗ друкарнi Товариства iмени Шевченка
_tМатерiяли до Української бiблиоѓрафiї
_vТ. 5
702 1 _aКалинович
_bI.
_gIван
_4220
852 _aNLR
_jс407Укр-420/К-17
942 _cBOOK
980 _aNB